000 00237nam a2200109Ia 4500
008 190216s9999||||xx |||||||||||||| ||und||
100 _aJoslin I C
245 0 _aHindi-Pauce Ka Parichay
260 _bNull
650 _aHindi
942 _cBK
999 _c15325
_d15325